000 nam a22 7a 4500
999 _c27846
_d27846
008 170211b xxu||||| |||| 00| 0 eng d
020 _a0534170110
050 _aQA 21.2 .S47 2003
100 _aSerway, Raymond A.
_d2003
245 _aCollege physics/
_cRaymond A. Serway, Jerry S. Faughn.
250 _a6th ed.
260 _aUnited Kingdom:
_bThomson brooks/cole,
_c2003.
300 _axxix, 966, [57]p.:
_bill.;
_c28cm.
521 _aIncludes bibliographical references and index.
650 _aPhysics.
700 _aFaughn, Jerry S.
942 _2lcc
_cBOOKS
_hQA 21.2 .S47 2003